000 02242nam2a22003611 4500
001 RU\NLR\A1SV\136333
005 20260422164648.0
035 _a(NLR Aleph) 010696858
090 _a13490980
_c13490980
100 _a20150306d1922 u y0rusy50 ca
101 0 _arus
200 0 _aКн.1
215 _a3-264 с.
327 0 _a[Стихи / Allegro, Волошин, М., Пастернак, Б., Несмелов, Б.
_aИстория моего современника / Короленко
_aВ тупике / Вересаев, В.
_aЧудо / Сергеев-Ценский, С.
_aПролог к народной трагедии "Пугачев" / Тренев, К.
_aНарод на войне / Федорченко, С.
_aГамаюн - птица вещая. Памяти А.А.Блока / Львов-Рогачевский, В.]
461 1 _1001RU\NLR\A1SV\136332
_12000#$vКн.1
_99707547
_cСимферополь
_d1922
_f[Под ред. А.Б.Дермана, К.А.Тренева и Я.А.Тугенхольда]
_nКрымиздат
_tЮжный альманах
_vКн.1
600 1 _aБлок
_bА.А.
_f1880-1921
_gАлександр Александрович
702 1 _6z01790
_aСоловьева
_bП.С.
_f1867-1924
_gПоликсена Сергеевна
702 1 _aВолошин
_bМ.А.
_f1877-1932
_gМаксимилиан Александрович
702 1 _aПастернак
_bБ.Л.
_f1890-1960
_gБорис Леонидович
702 1 _aНесмелов
_bБ.
702 1 _aКороленко
_bВ.Г.
_f1853-1921
_gВладимир Галактионович
702 1 _aВересаев
_bВ.В.
_f1867-1945
_gВикентий Викентьевич
702 1 _7ca
_8rus
_aСергеев-Ценский
_bС. Н.
_f1875-1958
_gСергей Николаевич
_9121541
_3RU\NLR\auth\7711802
702 1 _aТренев
_bК.А.
_f1876-1945
_gКонстантин Андреевич
702 1 _aФедорченко
_bС.З.
_f1880-1959
_gСофия Захаровна
702 1 _aЛьвов-Рогачевский
_bВ.Л.
_f1873-1930
_gВасилий Львович
790 1 _6z01702
_aAllegro
801 0 _aRU
_bNLR
_c20150306
852 _aNLR
942 _cBOOK
980 _aA1SV
980 _aNB